000 02133nam0a2200349 4500
001 RU\NLR\bibl\915128
005 20260406111755.0
010 _a5-93272-309-2
_9200
021 _aRU
_b2006-3521
_9157
035 _a(NLR Aleph) 000903438
090 _a7658
_c7658
100 _a20060311d2005 |||y0rusy50 ca
101 0 _arus
102 _aRU
105 _aa z |||||
200 1 _aМногокритериальная оценка и выбор эффективных решений в экономике
_eучебное пособие для студентов специальностей 060800 ["Экономика и управление на предприятии"], 061100 ["Менеджмент"]
_fФ.Ф. Юрлов, Д.Н. Лапаев, А.Ф. Плеханова
_gФедер. агентство по образованию, Гос. образоват. учреждение высш. проф. образования Нижегород. гос. техн. ун-т
210 _aНижний Новгород
_cНижегородский государственный технический университет
_d2005
215 _a151, [1] с.
_cил.
_d21
320 _aБиблиогр. в конце кн. (28 назв.)
606 1 _aОбщественное производство
_jУчебные издания для высших учебных заведений
_xЭффективность
_92157511
_3RU\NLR\auth\661298717
606 1 _aЭкономика
_jУчебные издания для высших учебных заведений
_xМатематические методы
_92093364
_3RU\NLR\auth\661266827
686 _aУ010.0я73
686 _aУ.в611я73
700 1 _4070
_8rus
_7ca
_aЮрлов
_bФ. Ф.
_f1935-
_gФеликс Федорович
_3RU\NLR\auth\77123696
_9106621
701 1 _aЛапаев
_bД. Н.
_gДмитрий Николаевич
_4070
701 1 _aПлеханова
_bА. Ф.
_gАнна Феликсовна
_4070
801 0 _aRU
_bNLR
_c20060311
_grcr
801 1 _aRU
_bNLR
_c20060311
830 _aАвт. по кн.
942 _cBOOK
980 _aNB